00730cam a22001937a 4500003000500000005001700005008004100022010001000063011001000073035001100083040000900094100002600103245020700129260004100336502007800377650003400455650002100489650002600510CHAP20220329142837.0040804d2003 mx a r 00110 spa d a88598 a89570 a100121 cCHAP00aCano Salgado, Adriana10aAnálisis epidemiológico de la enfermedad "pudricion blanca" inducida por Sclerotium cepivorum Berk en el cultivo de ajo (Allium sativum L.) en Cortazar, Edo. de Guanajuatoc/por Adriana Cano Salgado aChapingo, Méx. :bEl autor,c2003. aTesis (M.C.) -- CP. Instituto de Fitosanidad. Programa en Fitopatología14aAjoxEnfermedades por hongos.14aAjoxGuanajuato.14aSclerotium cepivorum.